Verilog For Digital Design (Record no. 318296)

MARC details
000 -LEADER
fixed length control field 00449nam a2200169Ia 4500
008 - FIXED-LENGTH DATA ELEMENTS--GENERAL INFORMATION
fixed length control field 230718s9999 xx 000 0 und d
020 ## - INTERNATIONAL STANDARD BOOK NUMBER
International Standard Book Number 978-0-470-05262-4
041 ## - LANGUAGE CODE
Language code of text/sound track or separate title eng
082 ## - DEWEY DECIMAL CLASSIFICATION NUMBER
Classification number 621.382
Item number VAH
100 ## - MAIN ENTRY--PERSONAL NAME
Personal name Vahid F.
245 ## - TITLE STATEMENT
Title Verilog For Digital Design
260 ## - PUBLICATION, DISTRIBUTION, ETC. (IMPRINT)
Name of publisher, distributor, etc. John Wiley
300 ## - PHYSICAL DESCRIPTION
Accompanying material [OBSOLETE, CAN/MARC] Ref 1025 E ME (29503)
365 ## - TRADE PRICE
Currency code Rs.
Price amount 1749.32
700 ## - ADDED ENTRY--PERSONAL NAME
Personal name Vahid F. & Lysecky R.
9 (RLIN) 189850
906 ## - LOCAL DATA ELEMENT F, LDF (RLIN)
d B:107080136824-Jan-2008
c ME ETC
Holdings
Withdrawn status Lost status Source of classification or shelving scheme Reference No Damaged status Not for loan Home library Current library Date acquired Vendor Budget Code Cost, normal purchase price Bill number Full call number Barcode Date last seen Cost, replacement price Bill Date Koha item type Original Barcode
    Dewey Decimal Classification Ref 1025 E M. Tech. (29503)   Reference Cummins College of Engineering for Women Pune Cummins College of Engineering for Women Pune 31/01/2008 Varma Book Distributors ME ETC 1749.32 1070801368 621.382 CCEP-BK-29503 18/07/2023 1749.32 24/01/2008 Books 029503